• 首页
  • 本馆介绍
  • 公告通知
  • 最新文献
  • 馆藏检索
  • 电子资源
  • 读者导购
  • 参考咨询
  • 我的图书馆
  • 登录
  • 详细信息显示
  • 放入我的书架
  • 预约/预借图书
  • 作者相关作品
  • 分类相关作品
  • 丛书相关作品
  • 出版社相关作品

书目信息

  • 表格格式
  • 工作单格式
  • 卡片格式
题名:
理性生活指南
    
 
作者: 阿尔伯特·埃利斯(AlbertEllis) , 罗伯特·A.哈珀(RobertA.Harper) )著
分册:  
出版信息: 北京   机械工业出版社  2019.8
页数: 272页
开本: 24cm
丛书名: 心理学大师·埃利斯经典作品
单 册:
中图分类: B842.6 , R749.055
科图分类:
主题词: 情绪--行为疗法
电子资源:
ISBN: 978-7-111-62570-4
000 01376oam2 2200277 45
001 012001002093
005 20131027163425.0
010    @a978-7-111-62570-4@dCNY59.00
100    @a20190506d2019 em y0chiy0110 ea
101 0  @achi
102    @aCN@b110000
105    @ay z 000yy
106    @ar
200 1  @a理性生活指南@9li xing sheng huo zhi nan@f(美)阿尔伯特·埃利斯(AlbertEllis),(美)罗伯特·A.哈珀(RobertA.Harper)著
210    @a北京@c机械工业出版社@d2019.8
215    @a272页@d24cm
225 2  @a心理学大师·埃利斯经典作品
330    @a《理性生活指南》是一本关于理性情绪行为疗法的书籍,主要讲述了人们如何利用理性情绪行为疗法有效地应对个人情绪问题。理性情绪行为疗法向人们展示他们的行为具有怎样的自我破坏性以及他们可以怎样鼓励自己做出改变。它使用大型讲习班、强化班、讲座、研讨班、公开治疗展示、磁带、电影、故事、书籍、手册以及其他大众媒体呈现形式告诉人们,他们常常会做哪些毫无必要地使自己感到不安的事情以及怎样做才能使自己在情绪上变得更加强大。
461  0 @12001 @a心理学大师·埃利斯经典作品
606 0  @a情绪@x行为疗法
690    @aB842.6@v5
690    @aR749.055@v5
701  0 @c(美)@a阿尔伯特·埃利斯(AlbertEllis)@9a er bo te · ai li si ( A l b e r t E l l i s )@4)著
701  0 @c(美)@a罗伯特·A.哈珀(RobertA.Harper)@9luo bo te · A . ha po ( R o b e r t A . H a r p e r )@4著
801  0 @aCN@b江苏凤凰@c20191020
905    @b1224863-6@dB842.6@e3474@f4
    
    理性生活指南/(美)阿尔伯特·埃利斯(AlbertEllis),(美)罗伯特·A.哈珀(RobertA.Harper)著.-北京:机械工业出版社,2019.8
    272页;24cm.-(心理学大师·埃利斯经典作品)
    
    
    ISBN 978-7-111-62570-4:CNY59.00
    《理性生活指南》是一本关于理性情绪行为疗法的书籍,主要讲述了人们如何利用理性情绪行为疗法有效地应对个人情绪问题。理性情绪行为疗法向人们展示他们的行为具有怎样的自我破坏性以及他们可以怎样鼓励自己做出改变。它使用大型讲习班、强化班、讲座、研讨班、公开治疗展示、磁带、电影、故事、书籍、手册以及其他大众媒体呈现形式告诉人们,他们常常会做哪些毫无必要地使自己感到不安的事情以及怎样做才能使自己在情绪上变得更加强大。
●
相关链接 在E读中查询图书 在五车中查询图书 在当当中查询图书 在豆瓣中查询图书


正题名:理性生活指南     索取号:B842.6/3474         预约/预借

序号 登录号 条形码 馆藏地/架位号 状态 备注
1 1224863   212248637   第一样本阅览室/ [索取号:B842.6/3474] 在馆    
2 1224864   212248646   教育系资料室/ [索取号:B842.6/3474] 在馆    
3 1224865   212248655   教育系资料室/ [索取号:B842.6/3474] 在馆    
4 1224866   212248664   第一借阅区/ [索取号:B842.6/3474] 在馆    
唐山师范学院图书馆 欢迎您!
大连网信软件有限公司© 版权所有